Szczegóły MARC21

Charaktery i pisma /

003 -Nazwa inst., której nr kontr. jest w polu 001 [,]
    • @
    • Nazwa instytucji, której n kontrolny jest w polu 001
    • NUKAT
005 -DATA I CZAS OSTATNIEJ MODYFIKACJI [,]
    • @
    • pole kontrolne
    • 20241231100232.0
020 -Międzynarod. znormalizowany nr książki - ISBN [ , ]
    • a
    • Numer ISBN
    • 090660186X Find
040 -Instytucja sporządzająca opis [ , ]
    • a
    • Instytucja, która sporządziła opis (NP)
    • WR O/LC
    • c
    • Instytucja, która sporządziła rekord (NP)
    • WR O/LC
    • d
    • Instytucja, która zmodyfikowała rekord (P)
    • WR O/LCs
    • d
    • Instytucja, która zmodyfikowała rekord (P)
    • WR O/PC
    • d
    • Instytucja, która zmodyfikowała rekord (P)
    • KR 297/JAK
942 -Rodzaj dokumentu [ , ]
    • c
    • Rodzaj dokumentu
    • Książka
100 -Hasło główne - nazwa osobowa [1, ]
    • a
    • Nazwa osobowa (NP)
    • Brandys, Kazimierz
    • d
    • Daty biograficzne (NP)
    • (1916-2000).
    • 9
    • KHW
    • 78710
240 -Tytuł ujednolicony [1,0]
    • a
    • Tytuł ujednolicony
    • Charaktery i pisma
    • l
    • Język tekstu
    • (pol.)
    • 9
    • KHW
    • 427810
245 -Strefa tytułu i oznaczenia odpowiedzialności [1,0]
    • a
    • Tytuł
    • Charaktery i pisma / Find
    • c
    • Pozostałe elementy strefy tytułu i oznaczenia odpowiedzialności (NP)
    • Kazimierz Brandys.
260 -Strefa adresu wydawniczego [ , ]
    • a
    • Miejsce wydania (P)
    • Londyn :
    • b
    • Nazwa wydawcy (P)
    • Aneks,
    • c
    • Data wydania (P)
    • 1991.
300 -Strefa opisu fizycznego [ , ]
    • a
    • Określenie formy książki i/lub objętość (NP)
    • 153 s. :
    • b
    • Oznaczenie ilustracji (NP)
    • portr. ;
    • c
    • Format (NP)
    • 20 cm.
336 -Typ zawartości [ , ]
    • a
    • Termin opisujący typ zawartości
    • Tekst
    • b
    • Kod określający zawartość
    • txt
    • 2
    • Źródło (terminu i kodu)
    • rdacontent
337 -Typ mediów [ , ]
    • a
    • Tryb odtwarzania
    • Bez urządzenia pośredniczącego
    • b
    • Kod typu mediów
    • n
    • 2
    • Źródło (terminu i kodu)
    • rdamedia
338 -Typ/rodzaj nośnika [ , ]
    • a
    • Hasło opisujące typ nośnika
    • Wolumin
    • b
    • Kod typu nośnika
    • nc
    • 2
    • Źródło (terminu i kodu)
    • rdacarrier
080 -Uniwersalna Klasyfikacja Dziesiętna [ , ]
    • a
    • Symbol klasyfikacji
    • 82.0-3
    • 9
    • UKD
    • 13518
    • 2
    • Identyfikator wydania tablic
    • UDC-P058
    • b
    • Dopowiedzenie
    • Teoria powieści, noweli, opowiadania.
600 -Hasło przedmiotowe w formie nazwy osobowej [1,7]
    • a
    • Nazwa osobowa
    • Wilde, Oscar
    • d
    • Daty związane z nazwą
    • (1854-1900).
    • 2
    • Źródło terminu
    • kaba
    • 9
    • KHW
    • 15999
600 -Hasło przedmiotowe w formie nazwy osobowej [1,7]
    • a
    • Nazwa osobowa
    • Gide, André
    • d
    • Daty związane z nazwą
    • (1869-1951).
    • 2
    • Źródło terminu
    • kaba
    • 9
    • KHW
    • 16453
600 -Hasło przedmiotowe w formie nazwy osobowej [1,7]
    • a
    • Nazwa osobowa
    • Léautaud, Paul
    • d
    • Daty związane z nazwą
    • (1872-1956).
    • 2
    • Źródło terminu
    • kaba
    • 9
    • KHW
    • 243071
655 -Hasło w funkcji tematu formalnego [ ,7]
    • a
    • Hasło
    • Eseje polskie
    • y
    • Określnik chronologiczny
    • 1970-.
    • 2
    • Źródło terminu
    • kaba
    • 9
    • KHW
    • 355548
980 -Symbol UKD [ , ]
    • a
    • UKD
    • 82.0-3
920 -ISBN [ , ]
    • a
    • ISBN
    • 0-906601-86-X Find
Lokalizacja Data inwentaryzacji Status udost. Numer inwentarzowy
BG2002-11-181JK.166
BM1994-09-121P.11495